000 00992nam a22002417a 4500
999 _c60434
_d60434
005 20251125233053.0
008 s2552 th tha d
020 _a9789742887940
040 _aNALT
041 _atha
090 _aKT84 ป615ค 2552
100 0 _aปิติกุล จีระมงคลพาณิชย์
245 1 0 _aคำอธิบายกฎหมายลักษณะพยานว่าด้วย พยานเอกสาร [3rd]
246 _aกฎหมายลักษณะพยาน พยานเอกสาร
260 3 _aกรุงเทพฯ :
_bวิญญูชน,
_c2552
300 _a168 หน้า ;
_b 26 ซม
650 0 4 _aพยานเอกสาร
650 0 4 _aกฎหมายลักษณะพยาน
850 _aNALT
856 4 0 _uhttps://hdl.handle.net/20.500.14156/301392
_71
942 _cLB
_2lcc